| 000 | 00745nam a22002057a 4500 | ||
|---|---|---|---|
| 005 | 20251108172646.0 | ||
| 008 | 250721s1991 xx 000 0 ara d | ||
| 082 | 1 | 4 | _a901/نصا |
| 100 | 1 |
_aنصار، كريستين _eمؤلف |
|
| 245 | 1 | 0 |
_aالإنسان والتاريخ : _bأثر التاريخ وتأثره بسيكولوجية الفرد / |
| 264 | 1 |
_aطرابلس : _bجروس برس، _c1991. |
|
| 300 | _a208ص | ||
| 490 | 0 | _a( سلسلة الأقارب والطفل في المجتمع الشرقي المعاصر ) | |
| 650 | 1 | 7 | _aالتأريخ |
| 650 | 1 | 7 | _aعلم الإجتماع التاريخي |
| 650 | 1 | 7 | _aالثقافة |
| 650 | 1 | 7 | _aعلم الإجتماع السياسي |
| 942 |
_2ddc _cBK |
||
| 999 |
_c85201 _d85201 |
||